000 00528nam a2200205 a 4500
005 20140310183229.0
008 040304s19uu xx 00 eng d
020 _a0071121595
050 _aBF 311
_b.Se434 2002
100 _aSekuler, Robert
245 _aPerception /
_cRobert Sekuler.
250 _a4th ed.
260 _aBoston :
_bMcGrawHill,
_c2002.
300 _axviii, 702 p.:
_bill. ;
_c23 cm.
500 _aIncludes Index
521 _aPSYCH
650 _aPerception
942 _cBK
_2lcc
_kFOR
999 _c20468
_d20468